[Event "New York St John Uni"]
[Site "New York"]
[Date "2004.06.17"]
[Round "1"]
[White "Cela, Altin"]
[Black "Benjamin, Joel"]
[Result "1/2-1/2"]
[WhiteElo "2482"]
[BlackElo "2566"]
[PlyCount "63"]
[EventDate "2004.06.17"]
[EventType "tourn"]
[EventRounds "9"]
[EventCountry "USA"]
[EventCategory "8"]
[SourceTitle "CBM 100 Extra"]
[Source "ChessBase"]
[SourceDate "2004.07.06"]
[SourceVersion "2"]
[SourceVersionDate "2004.07.06"]
[SourceQuality "1"]

1. e4 g6 2. d4 Bg7 3. Nc3 c6 4. f4 d5 5. e5 Nh6 6. Nf3 Bg4 7. Be3 f6 8. h3 Bxf3 9. Qxf3 0-0 10. exf6 exf6 11. g4 f5 12. 0-0-0 Nd7 13. g5 Nf7 14. h4 Re8 15. h5 Qa5 16. Kb1 Re6 17. Bd3 Rae8 18. Bf2 Nd6 19. Rhe1 Ne4 20. Bxe4 dxe4 21. Qh3 Nb6 22. hxg6 hxg6 23. d5 Nxd5 24. Nxd5 cxd5 25. Qb3 Rd8 26. Re2 a6 27. a4 Red6 28. Red2 Qc7 29. Rxd5 Rxd5 30. Rxd5 Rxd5 31. Qxd5+ Qf7 32. Qd8+ 1/2-1/2

[Event "Smartchess.com 2nd"]
[Site "New York"]
[Date "2001.10.15"]
[Round "9"]
[White "Perelshteyn, Eugene"]
[Black "Cela, Altin"]
[Result "1-0"]
[WhiteElo "2436"]
[BlackElo "2483"]
[PlyCount "99"]
[EventDate "2001.10.07"]
[EventType "tourn"]
[EventRounds "9"]
[EventCountry "USA"]
[EventCategory "10"]
[SourceTitle "CBM 086"]
[Source "ChessBase"]
[SourceDate "2002.02.05"]
[SourceVersion "1"]
[SourceVersionDate "2002.02.05"]
[SourceQuality "1"]

1. e4 c6 2. d4 d5 3. exd5 cxd5 4. c3 Nc6 5. Bd3 g6 6. Nf3 Bg7 7. 0-0 Nf6 8. h3 0-0 9. Bf4 Bf5 10. Bxf5 gxf5 11. Nbd2 Ne4 12. Ne1 e6 13. f3 Nxd2 14. Qxd2 Qh4 15. Nd3 Kh8 16. Kh2 Rg8 17. g4 Qf6 18. Rae1 Raf8 19. Nc5 Qe7 20. gxf5 b6 21. Nd3 Qf6 22. fxe6 fxe6 23. Rg1 Ne7 24. Be5 Qxf3 25. Rxg7 Rxg7 26. Rg1 Rff7 27. Nf4 Kg8 28. Bxg7 Rxg7 29. Rxg7+ Kxg7 30. Nxe6+ Kf6 31. Qf4+ Qxf4+ 32. Nxf4 Kf5 33. Kg3 Ke4 34. Kg4 a5 35. a4 h6 36. h4 Ng8 37. Nh5 Ne7 38. Nf6+ Kd3 39. Kf4 Ng6+ 40. Kf5 Nxh4+ 41. Kg4 Ng6 42. Nxd5 Kc2 43. Kf5 Nf8 44. Nxb6 h5 45. d5 Kxb2 46. c4 h4 47. Kg4 Ng6 48. c5 Kc3 49. c6 h3 50. Kxh3 1-0

[Event "Smartchess.com 2nd"]
[Site "New York"]
[Date "2001.10.14"]
[Round "8"]
[White "Cela, Altin"]
[Black "Shahade, Gregory P"]
[Result "0-1"]
[WhiteElo "2483"]
[BlackElo "2455"]
[PlyCount "64"]
[EventDate "2001.10.07"]
[EventType "tourn"]
[EventRounds "9"]
[EventCountry "USA"]
[EventCategory "10"]
[SourceTitle "CBM 086"]
[Source "ChessBase"]
[SourceDate "2002.02.05"]
[SourceVersion "1"]
[SourceVersionDate "2002.02.05"]
[SourceQuality "1"]

1. e4 c5 2. Nf3 d6 3. d4 cxd4 4. Nxd4 Nf6 5. Nc3 a6 6. Bg5 e6 7. f4 Qb6 8. Nb3 Nbd7 9. Be2 Be7 10. Qd2 Qc7 11. Bf3 h6 12. Bxf6 Nxf6 13. 0-0-0 Bd7 14. Rhe1 0-0-0 15. Re3 Kb8 16. Kb1 g5 17. g3 gxf4 18. gxf4 e5 19. Nd5 Nxd5 20. exd5 Bf6 21. Na5 Ka7 22. Rb3 Rb8 23. Re1 Rhc8 24. Re4 Bd8 25. Nc4 f5 26. Qe3+ b6 27. Rc3 fxe4 28. Na5 exf3 29. fxe5 Qxc3 30. bxc3 Bh4 31. Nc6+ Bxc6 32. Qxf3 Bb7 0-1

[Event "Smartchess.com 2nd"]
[Site "New York"]
[Date "2001.10.07"]
[Round "1"]
[White "Cela, Altin"]
[Black "Blatny, Pavel"]
[Result "1-0"]
[WhiteElo "2483"]
[BlackElo "2478"]
[PlyCount "69"]
[EventDate "2001.10.07"]
[EventType "tourn"]
[EventRounds "9"]
[EventCountry "USA"]
[EventCategory "10"]
[SourceTitle "CBM 086"]
[Source "ChessBase"]
[SourceDate "2002.02.05"]
[SourceVersion "1"]
[SourceVersionDate "2002.02.05"]
[SourceQuality "1"]

1. e4 c6 2. d4 d5 3. Nc3 g6 4. Nf3 Bg7 5. h3 Nf6 6. e5 Nfd7 7. Be3 Nf8 8. Qd2 h6 9. 0-0-0 b5 10. g4 Nbd7 11. Ne1 Nb6 12. f4 b4 13. Nb1 a5 14. Nd3 Nc4 15. Qf2 h5 16. Rg1 hxg4 17. hxg4 Qb6 18. Nd2 Nxe3 19. Qxe3 Ne6 20. Nf3 a4 21. Kb1 Nc7 22. Nc5 Bf8 23. Ng5 e6 24. f5 gxf5 25. gxf5 exf5 26. Nxf7 Kxf7 27. Qg5 Ra5 28. Qf6+ Ke8 29. Qxh8 Rxc5 30. Be2 Ne6 31. Bh5+ Kd8 32. Bf7 b3 33. cxb3 Qb4 34. Bxe6 Rc2 35. Qf6+ 1-0

[Event "San Francisco Val Zemitis IM"]
[Site "San Francisco"]
[Date "2000.04.13"]
[Round "8"]
[White "Cela, Altin"]
[Black "Baginskaite, Camilla"]
[Result "0-1"]
[WhiteElo "2527"]
[BlackElo "2240"]
[PlyCount "116"]
[EventDate "2000.04.04"]
[EventType "tourn"]
[EventRounds "9"]
[EventCountry "USA"]
[EventCategory "4"]
[SourceTitle "CBM 075 Extra"]
[Source "ChessBase"]
[SourceDate "2000.05.11"]
[SourceVersion "2"]
[SourceVersionDate "2000.05.11"]
[SourceQuality "1"]

1. e4 e6 2. d4 d5 3. Nd2 dxe4 4. Nxe4 Be7 5. Nf3 Nd7 6. Bd3 Ngf6 7. Qe2 Nxe4 8. Bxe4 c5 9. Bf4 cxd4 10. 0-0-0 Qa5 11. Kb1 Nc5 12. Rxd4 0-0 13. Rhd1 f6 14. Bd6 Bxd6 15. Rxd6 Qc7 16. Qc4 f5 17. Bxb7 Bxb7 18. b4 Bxf3 19. gxf3 Rab8 20. Kc1 Na6 21. Rc6 Qxh2 22. Rxa6 Qxf2 23. Rxe6 Kh8 24. Rf1 Qg3 25. a3 Rbc8 26. Qe2 a5 27. b5 Qf4+ 28. Kb1 Qa4 29. Kb2 Qd4+ 30. Ka2 Qa4 31. Kb2 Qd4+ 32. Kb1 Qa4 33. Rc1 Qxa3 34. c4 Qb3+ 35. Qb2 Qd3+ 36. Ka1 Rxc4 37. Rxc4 Qxc4 38. Rd6 Qf1+ 39. Ka2 Qc4+ 40. Qb3 Qe2+ 41. Ka3 Qe7 42. Qe6 Qh4 43. b6 Qb4+ 44. Ka2 a4 45. Rc6 h6 46. Qc4 Qxc4+ 47. Rxc4 Rb8 48. Rc6 Kh7 49. Ka3 g5 50. Kxa4 g4 51. fxg4 fxg4 52. Kb5 h5 53. Ka6 g3 54. b7 g2 55. Rc7+ Kh6 56. Rc6+ Kg7 57. Rc7+ Kf6 58. Rc1 h4 0-1

[Event "San Francisco Val Zemitis IM"]
[Site "San Francisco"]
[Date "2000.04.09"]
[Round "4"]
[White "Bhat, Vinay S"]
[Black "Cela, Altin"]
[Result "1/2-1/2"]
[WhiteElo "2398"]
[BlackElo "2527"]
[PlyCount "106"]
[EventDate "2000.04.04"]
[EventType "tourn"]
[EventRounds "9"]
[EventCountry "USA"]
[EventCategory "4"]
[SourceTitle "CBM 075 Extra"]
[Source "ChessBase"]
[SourceDate "2000.05.11"]
[SourceVersion "2"]
[SourceVersionDate "2000.05.11"]
[SourceQuality "1"]

1. e4 e5 2. Nf3 Nc6 3. Bb5 a6 4. Bxc6 dxc6 5. 0-0 f6 6. d4 exd4 7. Nxd4 c5 8. Nb3 Qxd1 9. Rxd1 Bg4 10. f3 Be6 11. Be3 c4 12. Nc5 Bc8 13. Nc3 Bd6 14. N5a4 Ne7 15. Nb6 Bxh2+ 16. Kxh2 cxb6 17. Na4 Be6 18. Bxb6 Kf7 19. Nc5 Nc8 20. Bc7 b6 21. Nxe6 Kxe6 22. Rd4 b5 23. a4 Ne7 24. axb5 axb5 25. Rxa8 Rxa8 26. Rd6+ Kf7 27. Rb6 Rc8 28. Rb7 Ke6 29. Ba5 Rc5 30. Bb4 Rh5+ 31. Kg1 Nc6 32. g4 Re5 33. Bc3 Rc5 34. Rxg7 b4 35. Bd2 Ra5 36. Rc7 Kd6 37. Bf4+ Kc5 38. Rxh7 Ra2 39. e5 fxe5 40. Be3+ Kd5 41. g5 Rxb2 42. g6 Ra2 43. Rb7 Ra8 44. Rb5+ Kd6 45. Bc5+ Ke6 46. g7 Kf7 47. Bf8 Rb8 48. Rxb8 Nxb8 49. Bxb4 Nc6 50. Bc3 Nd4 51. Kf2 Kxg7 52. Ke3 Nxc2+ 53. Ke4 Nd4 1/2-1/2

[Event "San Francisco Val Zemitis IM"]
[Site "San Francisco"]
[Date "2000.04.05"]
[Round "1"]
[White "Cela, Altin"]
[Black "Altounian, Levon"]
[Result "1/2-1/2"]
[WhiteElo "2527"]
[BlackElo "2438"]
[PlyCount "125"]
[EventDate "2000.04.04"]
[EventType "tourn"]
[EventRounds "9"]
[EventCountry "USA"]
[EventCategory "4"]
[SourceTitle "CBM 075 Extra"]
[Source "ChessBase"]
[SourceDate "2000.05.11"]
[SourceVersion "2"]
[SourceVersionDate "2000.05.11"]
[SourceQuality "1"]

1. e4 e5 2. Nf3 Nf6 3. Nc3 Bb4 4. d3 d5 5. Nxe5 0-0 6. Be2 Qe7 7. f4 d4 8. Bd2 dxc3 9. bxc3 Bc5 10. Bf3 Nbd7 11. d4 Nxe5 12. fxe5 Nxe4 13. dxc5 Rd8 14. Bxe4 Qh4+ 15. Kf1 Qxe4 16. Qe2 Qxc2 17. Be1 Qg6 18. Bf2 Bg4 19. Qe1 Rd3 20. h3 Be6 21. Rh2 Rad8 22. Kg1 Rd2 23. Bd4 Qc2 24. Qb1 b6 25. Qxc2 Rxc2 26. g4 Rxh2 27. Kxh2 Rd5 28. cxb6 axb6 29. Kg3 Kf8 30. Kf4 Ra5 31. a3 Ra4 32. Kf3 Ke7 33. Be3 Bd5+ 34. Kf2 Ke6 35. Bg5 Rc4 36. Rc1 Kxe5 37. Re1+ Kd6 38. Be7+ Kc6 39. Re3 Be6 40. Kg3 Kb5 41. Rf3 Ra4 42. Bf8 g6 43. Rf4 Ra8 44. Rb4+ Kc6 45. Be7 Kd7 46. Bf6 Rxa3 47. g5 Bd5 48. Kf2 Ra2+ 49. Ke3 Ke6 50. Rh4 c5 51. Rxh7 Ra8 52. Rh8 Rxh8 53. Bxh8 b5 54. Bf6 b4 55. cxb4 cxb4 56. Kf4 Bg2 57. h4 Kd5 58. Ke3 Be4 59. Be7 b3 60. Bf6 Bc2 61. Bb2 Kd6 62. Bf6 Ke6 63. Kf4 1/2-1/2

[Event "San Francisco Masters op"]
[Site "San Francisco"]
[Date "2000.04.02"]
[Round "4"]
[White "Stearns, Aaron"]
[Black "Cela, Altin"]
[Result "1-0"]
[WhiteElo "2255"]
[BlackElo "2527"]
[PlyCount "35"]
[EventDate "2000.03.31"]
[EventType "swiss"]
[EventRounds "7"]
[EventCountry "USA"]
[SourceTitle "EXT 2001"]
[Source "ChessBase"]
[SourceDate "2000.11.22"]
[SourceVersion "1"]
[SourceVersionDate "2000.11.22"]
[SourceQuality "1"]

1. e4 c6 2. d4 d5 3. e5 c5 4. Bd3 Nc6 5. Nf3 Bg4 6. dxc5 e6 7. Bf4 Bxc5 8. 0-0 Bd4 9. Nc3 Bxe5 10. Bxe5 Nxe5 11. Bb5+ Ke7 12. Re1 Bxf3 13. gxf3 d4 14. Rxe5 dxc3 15. Qe1 Qc7 16. Rd1 Nf6 17. Rd3 Rhd8 18. Rxc3 1-0

[Event "GRE-chT 28th"]
[Site "Kavala"]
[Date "1999.??.??"]
[Round "?"]
[White "Cela, Altin"]
[Black "Gavrilakis, Nikolaos"]
[Result "1-0"]
[WhiteElo "2536"]
[BlackElo "2415"]
[PlyCount "68"]
[EventDate "1999.??.??"]
[EventType "team"]
[EventRounds "8"]
[EventCountry "GRE"]
[SourceTitle "EXT 2002"]
[Source "ChessBase"]
[SourceDate "2001.11.25"]
[SourceVersion "1"]
[SourceVersionDate "2001.11.25"]
[SourceQuality "1"]

1. Nf3 d5 2. g3 Bg4 3. Ne5 Bh5 4. Bg2 Nd7 5. Nxd7 Qxd7 6. c4 e6 7. b3 Nf6 8. Bb2 Be7 9. 0-0 0-0 10. d3 c5 11. Nd2 d4 12. Nf3 Bd6 13. e4 e5 14. Bc1 Bg4 15. Qe1 Nh5 16. Nh4 Bh3 17. Qe2 g6 18. f4 exf4 19. gxf4 Qg4 20. Qxg4 Bxg4 21. Rf2 Bd7 22. f5 Kg7 23. b4 cxb4 24. Bb2 Be5 25. Nf3 f6 26. Bxd4 Bxd4 27. Nxd4 g5 28. Rb2 a5 29. a3 Nf4 30. Bf1 Rad8 31. Kf2 Bc6 32. Ke3 Rf7 33. axb4 axb4 34. Rxb4 Rfd7 1-0

[Event "Epikinonias op 3rd"]
[Site "Athens"]
[Date "1999.??.??"]
[Round "?"]
[White "Cela, Altin"]
[Black "Shahtahtinsky, Alekper"]
[Result "1/2-1/2"]
[WhiteElo "2536"]
[BlackElo "2334"]
[PlyCount "51"]
[EventDate "1999.05.??"]
[EventType "swiss"]
[EventRounds "9"]
[EventCountry "GRE"]
[SourceTitle "EXT 2004"]
[Source "ChessBase"]
[SourceDate "2003.11.25"]
[SourceVersion "1"]
[SourceVersionDate "2003.11.25"]
[SourceQuality "1"]

1. e4 c5 2. Nf3 Nc6 3. d4 cxd4 4. Nxd4 Nf6 5. Nc3 g6 6. Nxc6 dxc6 7. Qxd8+ Kxd8 8. Bf4 Bg7 9. 0-0-0+ Nd7 10. Ne2 e5 11. Be3 Ke8 12. g3 Nb6 13. Nc3 Bg4 14. Rd2 Bf8 15. Be2 Bxe2 16. Rxe2 Nc4 17. Bg5 Be7 18. Bh6 Bf8 19. Bg5 Be7 20. h4 h5 21. b3 Nb6 22. Be3 Nd7 23. f4 f6 24. Rf1 Rf8 25. Kb2 Bc5 26. Bxc5 1/2-1/2

[Event "Ano Liosia op 10th"]
[Site "Athens"]
[Date "1999.??.??"]
[Round "9"]
[White "Papaioannou, Ioannis"]
[Black "Cela, Altin"]
[Result "1/2-1/2"]
[WhiteElo "2542"]
[BlackElo "2536"]
[PlyCount "57"]
[EventDate "1999.01.02"]
[EventType "swiss"]
[EventRounds "9"]
[EventCountry "GRE"]
[SourceTitle "EXT 2000"]
[Source "ChessBase"]
[SourceDate "1999.11.16"]
[SourceVersion "1"]
[SourceVersionDate "1999.11.16"]
[SourceQuality "1"]

1. d4 Nf6 2. c4 g6 3. Nc3 Bg7 4. e4 d6 5. f4 c5 6. d5 0-0 7. Nf3 e6 8. Be2 exd5 9. cxd5 Re8 10. e5 dxe5 11. fxe5 Ng4 12. Bg5 Qb6 13. 0-0 Nxe5 14. Nxe5 Bxe5 15. Bc4 Qxb2 16. Nb5 Bf5 17. Rc1 Nd7 18. d6 Nb6 19. Bd3 Be6 20. Nc7 Qxa2 21. Nxe8 Rxe8 22. Be4 Bd4+ 23. Kh1 Nc4 24. Be7 Qa6 25. d7 Bxd7 26. Bxc5 Rxe4 27. Bxd4 Qe6 28. Qd3 b5 29. Bxa7 1/2-1/2

[Event "Epikinonias op 3rd"]
[Site "Athens"]
[Date "1999.??.??"]
[Round "?"]
[White "Siamidis, Dimitrios"]
[Black "Cela, Altin"]
[Result "0-1"]
[WhiteElo "2139"]
[BlackElo "2536"]
[PlyCount "49"]
[EventDate "1999.05.??"]
[EventType "swiss"]
[EventRounds "9"]
[EventCountry "GRE"]
[SourceTitle "EXT 2004"]
[Source "ChessBase"]
[SourceDate "2003.11.25"]
[SourceVersion "1"]
[SourceVersionDate "2003.11.25"]
[SourceQuality "1"]

1. e4 e5 2. Nf3 Nc6 3. Bc4 Nf6 4. d3 h6 5. 0-0 d6 6. c3 g5 7. Bxg5 hxg5 8. Nxg5 Qe7 9. Bxf7+ Kd8 10. Bb3 Rh5 11. f4 exf4 12. Nf7+ Ke8 13. Rxf4 Rb5 14. Nh8 Bh6 15. Rh4 Qg7 16. e5 Qxh8 17. Kh1 Rxe5 18. d4 Bg4 19. Qf1 Rf5 20. Qe1+ Kf8 21. Nd2 Re8 22. Qg3 Qg7 23. Qd3 Re2 24. Nc4 Na5 25. Rxg4 0-1

[Event "Ano Liosia op 10th"]
[Site "Athens"]
[Date "1999.??.??"]
[Round "7"]
[White "Stanojoski, Zvonko"]
[Black "Cela, Altin"]
[Result "0-1"]
[WhiteElo "2471"]
[BlackElo "2536"]
[PlyCount "68"]
[EventDate "1999.01.02"]
[EventType "swiss"]
[EventRounds "9"]
[EventCountry "GRE"]
[SourceTitle "EXT 2000"]
[Source "ChessBase"]
[SourceDate "1999.11.16"]
[SourceVersion "1"]
[SourceVersionDate "1999.11.16"]
[SourceQuality "1"]

1. e4 e5 2. Nf3 Nc6 3. Bb5 a6 4. Bxc6 dxc6 5. Nc3 f6 6. d4 exd4 7. Nxd4 c5 8. Nde2 Qxd1+ 9. Nxd1 Be6 10. Bf4 0-0-0 11. Ne3 Ne7 12. Rd1 g6 13. Rxd8+ Kxd8 14. Nc3 Bg7 15. Ncd5 Nxd5 16. exd5 Bf7 17. 0-0 Re8 18. g4 Kd7 19. c4 Re4 20. Bg3 Bh6 21. b3 b5 22. Rc1 Rxe3 23. g5 Bxg5 24. f4 Bh6 25. cxb5 axb5 26. Rxc5 b4 27. Rc4 Bf8 28. f5 Bd6 29. Rh4 Bxg3 30. Rxh7 Bxh2+ 31. Kxh2 Re7 32. Rh4 gxf5 33. Rxb4 Re2+ 34. Kg3 Rxa2 0-1

[Event "Panormo zt"]
[Site "Panormo"]
[Date "1998.10.27"]
[Round "4"]
[White "Zaichik, Gennadi"]
[Black "Cela, Altin"]
[Result "0-1"]
[WhiteElo "2505"]
[BlackElo "2450"]
[PlyCount "66"]
[EventDate "1998.10.24"]
[EventType "swiss"]
[EventRounds "11"]
[EventCountry "GRE"]
[SourceTitle "CBM 067 Extra"]
[Source "ChessBase"]
[SourceDate "1999.01.01"]
[SourceVersion "1"]
[SourceVersionDate "1999.01.01"]
[SourceQuality "1"]

1. g3 g6 2. Bg2 Bg7 3. d4 Nf6 4. e4 0-0 5. Nc3 d6 6. Nge2 Na6 7. h3 Rb8 8. a4 e5 9. Be3 exd4 10. Nxd4 Re8 11. Ndb5 b6 12. Nxa7 Bb7 13. 0-0 Ra8 14. e5 Bxg2 15. Kxg2 Rxa7 16. exf6 Bxf6 17. Nd5 Bxb2 18. Rb1 Bg7 19. a5 Rb7 20. axb6 c6 21. Qd3 Nc5 22. Bxc5 dxc5 23. Ne3 Bd4 24. Nc4 Qd5+ 25. Kg1 Ra8 26. Ne3 Qe6 27. Rfe1 Qxh3 28. Qe4 Rab8 29. Qxc6 h5 30. Nf1 h4 31. Re8+ Kg7 32. c3 Bxf2+ 33. Kxf2 Qf5+ 0-1

[Event "Panormo zt"]
[Site "Panormo"]
[Date "1998.10.25"]
[Round "2"]
[White "Gelashvili, Tamaz"]
[Black "Cela, Altin"]
[Result "1/2-1/2"]
[WhiteElo "2510"]
[BlackElo "2450"]
[PlyCount "110"]
[EventDate "1998.10.24"]
[EventType "swiss"]
[EventRounds "11"]
[EventCountry "GRE"]
[SourceTitle "CBM 067 Extra"]
[Source "ChessBase"]
[SourceDate "1999.01.01"]
[SourceVersion "1"]
[SourceVersionDate "1999.01.01"]
[SourceQuality "1"]

1. e4 e5 2. Nf3 Nc6 3. Bb5 a6 4. Bxc6 dxc6 5. Nc3 f6 6. d3 c5 7. Be3 b6 8. Nd2 Ne7 9. 0-0 Be6 10. Ne2 Ng6 11. b3 Be7 12. Qe1 0-0 13. f4 exf4 14. Nxf4 Nxf4 15. Bxf4 Bd6 16. Qg3 Bxf4 17. Qxf4 Qd6 18. a4 Qxf4 19. Rxf4 Rad8 20. Rf2 Rd4 21. h3 h6 22. Kh2 Rfd8 23. g4 b5 24. axb5 axb5 25. Nf3 Rb4 26. Ra7 Rd7 27. Kg3 c4 28. bxc4 bxc4 29. d4 c3 30. Ra5 Rc4 31. Re2 c6 32. h4 Bf7 33. Kf4 c5 34. Rxc5 Rdxd4 35. Nxd4 Rxc5 36. Re3 Be8 37. Re1 Rc4 38. Ke3 Bd7 39. Rg1 Kf7 40. Nf5 Rc7 41. Kd4 Bc6 42. Ne3 Rd7+ 43. Nd5 Ke6 44. Re1 Rd8 45. Kxc3 Ke5 46. Nb4 Rc8 47. Nd3+ Kd6 48. Kd2 Bd7 49. Rg1 Rc4 50. Nf2 Ke5 51. g5 hxg5 52. hxg5 Bc6 53. gxf6 gxf6 54. Nd3+ Ke6 55. Re1 Bxe4 1/2-1/2

[Event "Olympiad-33"]
[Site "Elista"]
[Date "1998.10.10"]
[Round "11.1"]
[White "Cela, Altin"]
[Black "Vescovi, Giovanni P"]
[Result "1/2-1/2"]
[WhiteElo "2450"]
[BlackElo "2525"]
[PlyCount "81"]
[EventDate "1998.09.29"]
[EventType "team-swiss"]
[EventRounds "13"]
[EventCountry "RUS"]
[SourceTitle "CBM 068"]
[Source "ChessBase"]
[SourceDate "1999.02.01"]
[SourceVersion "1"]
[SourceVersionDate "1999.02.01"]
[SourceQuality "1"]
[WhiteTeam "Albania"]
[BlackTeam "Brazil"]
[WhiteTeamCountry "ALB"]
[BlackTeamCountry "BRA"]

1. e4 c5 2. Nf3 d6 3. d4 cxd4 4. Nxd4 Nf6 5. Nc3 g6 6. Be3 Bg7 7. f3 Nc6 8. Qd2 0-0 9. 0-0-0 Nxd4 10. Bxd4 Be6 11. Kb1 Qc7 12. g4 Rfc8 13. h4 Qa5 14. Qg5 b5 15. Qxb5 Qc7 16. Rh2 Rab8 17. Qa4 Nxg4 18. fxg4 Bxd4 19. Nb5 Rxb5 20. Bxb5 Be5 21. Rg2 Rb8 22. c4 Qb7 23. Re1 Qb6 24. g5 Bc8 25. Qa3 a6 26. Ba4 Qa5 27. Re3 Bd4 28. Bd1 Qc7 29. Rd3 Be5 30. Rc2 Bb7 31. Bf3 Rc8 32. Rd1 Qb6 33. Qd3 Rc5 34. Rf1 Bc8 35. Bg2 a5 36. Qf3 Be6 37. Rff2 Rxc4 38. Rxc4 Bxc4 39. Bf1 Be6 40. Bh3 Bc4 41. Bf1 1/2-1/2

[Event "Olympiad-33"]
[Site "Elista"]
[Date "1998.10.07"]
[Round "9.1"]
[White "Sorokin, Maxim"]
[Black "Cela, Altin"]
[Result "1-0"]
[WhiteElo "2570"]
[BlackElo "2450"]
[PlyCount "91"]
[EventDate "1998.09.29"]
[EventType "team-swiss"]
[EventRounds "13"]
[EventCountry "RUS"]
[SourceTitle "CBM 068"]
[Source "ChessBase"]
[SourceDate "1999.02.01"]
[SourceVersion "1"]
[SourceVersionDate "1999.02.01"]
[SourceQuality "1"]
[WhiteTeam "Argentina"]
[BlackTeam "Albania"]
[WhiteTeamCountry "ARG"]
[BlackTeamCountry "ALB"]

1. Nf3 Nf6 2. c4 g6 3. g3 Bg7 4. Bg2 0-0 5. Nc3 d6 6. d4 Nc6 7. 0-0 Bf5 8. d5 Na5 9. Nd4 Bd7 10. Qd3 Ng4 11. Nf3 c5 12. Bf4 a6 13. Rab1 b5 14. b3 Rb8 15. h3 Nf6 16. e4 Qc7 17. g4 bxc4 18. bxc4 Rb4 19. Nd2 Rfb8 20. Rfc1 Be8 21. Bf1 Nd7 22. Qc2 Qb7 23. Nd1 Ne5 24. Rxb4 cxb4 25. c5 Bb5 26. c6 Qc7 27. Be3 b3 28. axb3 Nxb3 29. Qxb3 Bxf1 30. Qxb8+ Qxb8 31. Kxf1 e6 32. Rb1 Qc8 33. f4 Nd3 34. Nc4 Bf8 35. Ke2 Nc5 36. Bxc5 dxc5 37. Rb7 exd5 38. exd5 a5 39. Nde3 Qa8 40. Nb6 Qa6+ 41. Nec4 a4 42. c7 a3 43. c8Q a2 44. Qd7 Qxb7 45. Qxb7 a1Q 46. Qa8 1-0

[Event "Olympiad-33"]
[Site "Elista"]
[Date "1998.10.06"]
[Round "8.1"]
[White "Cela, Altin"]
[Black "Efimov, Igor"]
[Result "1/2-1/2"]
[WhiteElo "2450"]
[BlackElo "2530"]
[PlyCount "87"]
[EventDate "1998.09.29"]
[EventType "team-swiss"]
[EventRounds "13"]
[EventCountry "RUS"]
[SourceTitle "CBM 068"]
[Source "ChessBase"]
[SourceDate "1999.02.01"]
[SourceVersion "1"]
[SourceVersionDate "1999.02.01"]
[SourceQuality "1"]
[WhiteTeam "Albania"]
[BlackTeam "Italy"]
[WhiteTeamCountry "ALB"]
[BlackTeamCountry "ITA"]

1. e4 c5 2. Nf3 e6 3. d4 cxd4 4. Nxd4 Nc6 5. Nc3 d6 6. Be3 a6 7. g4 Nge7 8. Bg2 Ng6 9. 0-0 h5 10. g5 Be7 11. Nxc6 bxc6 12. f4 Rb8 13. b3 h4 14. Qg4 Qa5 15. Ne2 Bd7 16. c4 Nf8 17. Kh1 f5 18. gxf6 gxf6 19. f5 e5 20. Rfd1 Kd8 21. Bf2 Be8 22. c5 Bh5 23. Qg7 Rh7 24. Qg8 Bf7 25. Qg4 Bh5 26. Qg8 Bxe2 27. cxd6 Bxd1 28. Rxd1 h3 29. Bf1 Qc3 30. Kg1 Qc2 31. Rd3 Ke8 32. dxe7 Rxe7 33. Rd6 Rbb7 34. Qc4 Rg7+ 35. Bg3 Qxc4 36. Bxc4 Rbd7 37. Rxc6 Rd1+ 38. Kf2 Nd7 39. Rxa6 Nc5 40. Bb5+ Ke7 41. Ra7+ Kf8 42. Ra8+ Ke7 43. Ra7+ Kf8 44. Ra8+ 1/2-1/2

[Event "Olympiad-33"]
[Site "Elista"]
[Date "1998.10.03"]
[Round "5.1"]
[White "Cela, Altin"]
[Black "Temirbayev, Serikbay"]
[Result "0-1"]
[WhiteElo "2450"]
[BlackElo "2475"]
[PlyCount "48"]
[EventDate "1998.09.29"]
[EventType "team-swiss"]
[EventRounds "13"]
[EventCountry "RUS"]
[SourceTitle "CBM 068"]
[Source "ChessBase"]
[SourceDate "1999.02.01"]
[SourceVersion "1"]
[SourceVersionDate "1999.02.01"]
[SourceQuality "1"]
[WhiteTeam "Albania"]
[BlackTeam "Kazakhstan"]
[WhiteTeamCountry "ALB"]
[BlackTeamCountry "KAZ"]

1. e4 e6 2. d3 d5 3. Nd2 Nf6 4. Ngf3 Nc6 5. g3 dxe4 6. dxe4 Bc5 7. Bg2 0-0 8. 0-0 e5 9. Qe2 a5 10. a4 b6 11. b3 Nd4 12. Nxd4 Qxd4 13. Rb1 Ba6 14. c4 Rad8 15. Rd1 Qd3 16. Qxd3 Rxd3 17. Re1 Bb7 18. Nf1 Ng4 19. Re2 Rd1 20. h3 Nxf2 21. Rxf2 f5 22. exf5 Bxg2 23. Be3 Rxb1 24. Kxg2 Rxf1 0-1

[Event "Olympiad-33"]
[Site "Elista"]
[Date "1998.10.02"]
[Round "4.1"]
[White "Cela, Altin"]
[Black "Kozul, Zdenko"]
[Result "1-0"]
[WhiteElo "2450"]
[BlackElo "2570"]
[PlyCount "85"]
[EventDate "1998.09.29"]
[EventType "team-swiss"]
[EventRounds "13"]
[EventCountry "RUS"]
[SourceTitle "CBM 068"]
[Source "ChessBase"]
[SourceDate "1999.02.01"]
[SourceVersion "1"]
[SourceVersionDate "1999.02.01"]
[SourceQuality "1"]
[WhiteTeam "Albania"]
[BlackTeam "Croatia"]
[WhiteTeamCountry "ALB"]
[BlackTeamCountry "CRO"]

1. e4 c5 2. Nf3 Nc6 3. d4 cxd4 4. Nxd4 Nf6 5. Nc3 d6 6. Bg5 e6 7. Qd2 a6 8. 0-0-0 Bd7 9. f4 b5 10. Bxf6 gxf6 11. Nxc6 Bxc6 12. Qe1 h5 13. Kb1 Rb8 14. f5 e5 15. Qh4 Ke7 16. Be2 Rc8 17. Rd3 Qc7 18. Rhd1 Bh6 19. Rxd6 Bg5 20. Qf2 Qxd6 21. Rxd6 Kxd6 22. Qa7 b4 23. Nd5 Bxd5 24. exd5 e4 25. Qxa6+ Ke5 26. d6 Rb8 27. d7 Kxf5 28. Qc4 h4 29. Qxf7 Bf4 30. Qd5+ Be5 31. Ba6 h3 32. g3 Rhd8 33. Bf1 Rh8 34. Bc4 Rbd8 35. Qf7 Bxg3 36. Be6+ Ke5 37. Bxh3 Bxh2 38. Qe6+ Kd4 39. Bf5 Bc7 40. Qxe4+ Kc5 41. a3 bxa3 42. b4+ Kb6 43. Qd4+ 1-0

[Event "Chalkida op 3rd"]
[Site "Chalkida"]
[Date "1998.08.10"]
[Round "9"]
[White "Cela, Altin"]
[Black "Ivanisevic, Ivan"]
[Result "1/2-1/2"]
[WhiteElo "2450"]
[BlackElo "2475"]
[PlyCount "58"]
[EventDate "1998.08.02"]
[EventType "swiss"]
[EventRounds "9"]
[EventCountry "GRE"]
[SourceTitle "EXT 2004"]
[Source "ChessBase"]
[SourceDate "2003.11.25"]
[SourceVersion "1"]
[SourceVersionDate "2003.11.25"]
[SourceQuality "1"]

1. e4 c5 2. Nf3 Nc6 3. Nc3 d6 4. d4 cxd4 5. Nxd4 Nf6 6. Bg5 e6 7. Qd2 a6 8. 0-0-0 Nxd4 9. Qxd4 Be7 10. f4 b5 11. Be2 Bb7 12. Bf3 Rc8 13. Rd2 Rc4 14. Qd3 Qc7 15. e5 Bxf3 16. Qxf3 b4 17. Qa8+ Qc8 18. Qxc8+ Rxc8 19. Bxf6 bxc3 20. bxc3 gxf6 21. exd6 Rxc3 22. dxe7 Kxe7 23. Rhd1 Rhc8 24. Kb2 R3c4 25. g3 R8c7 26. Re2 Rb7+ 27. Ka1 f5 28. Rd3 h5 29. Red2 Kf6 1/2-1/2